Children of Presidents of the USA - Statistics

General Stats
  • This quiz has been taken 311 times
  • The average score is 73 of 174
Answer Stats
President Children % Correct
Calvin Coolidge | Dwight Eisenhower | Franklin Roosevelt | +6 others John
95%
George H. W. Bush | Rutherford Hayes George
87%
Franklin Roosevelt | James Garfield | James Monroe | +2 others James
81%
Abraham Lincoln | Chester Arthur William
74%
Abraham Lincoln | John Adams Thomas
72%
Donald Trump Ivanka
71%
John F. Kennedy Caroline
69%
Bill Clinton Chelsea
69%
Donald Trump Barron
68%
Barack Obama Malia
68%
Andrew Johnson | Benjamin Harrison | James Buchanan | +4 others Mary
68%
Donald Trump Eric
63%
Donald Trump Donald Jr.
62%
Martin Van Buren Martin
61%
Donald Trump Tiffany
60%
Abraham Lincoln | Andrew Johnson | John Tyler | William Taft Robert
58%
George W. Bush Barbara
57%
James Garfield Eliza
57%
Grover Cleveland | Zachary Taylor Richard
57%
Zachary Taylor Ann
56%
Franklin Pierce | William Henry Harrison Benjamin
56%
Benjamin Harrison | James Monroe | John Adams | +3 others Elizabeth
56%
Woodrow Wilson | Zachary Taylor Margaret
55%
Jimmy Carter Amy
54%
Gerald Ford | Ronald Reagan Michael
53%
Grover Cleveland Ruth
53%
George W. Bush Jenna
52%
Richard Nixon Patricia
52%
James Garfield Harry
50%
John Tyler David
49%
John F. Kennedy John Jr.
49%
John Tyler | Theodore Roosevelt Alice
47%
Andrew Johnson Marth
47%
John F. Kennedy Patrick
47%
Gerald Ford Susan
47%
Zachary Taylor Sarah
46%
Franklin Roosevelt | William Henry Harrison Anna
45%
Abraham Lincoln | James Garfield Edward
44%
Thomas Jefferson Jane
44%
Richard Nixon Julie
44%
Martin Van Buren Abraham
43%
Andrew Johnson | John Adams | John Quincy Adams Charles
43%
George H. W. Bush Dorothy
41%
Rutherford Hayes Joseph
41%
Woodrow Wilson Eleanor
40%
Thomas Jefferson Martha
40%
Barack Obama Natasha
40%
Gerald Ford Steven
40%
John Adams Abigail
39%
John Tyler Julia
39%
John Tyler Anne
37%
Franklin Pierce Franklin Jr
37%
Ronald Reagan Ronald Jr.
37%
Thomas Jefferson | William Henry Harrison Lucy
35%
Ronald Reagan Maureen
35%
John F. Kennedy Arabella
34%
William Taft Helen
34%
Lyndon B. Johnson Lynda
34%
Millard Fillmore Millard
34%
James Monroe Maria
33%
George H. W. Bush Neil
33%
George H. W. Bush Marvin
32%
Thomas Jefferson Peter
32%
John Quincy Adams Louisa
31%
Lyndon B. Johnson Luci
31%
Ronald Reagan Christine
29%
Rutherford Hayes Frances
29%
Grover Cleveland Francis
29%
Chester Arthur | Ulysses Grant Ellen
28%
Andrew Jackson | Andrew Johnson Andrew Jr.
27%
Theodore Roosevelt Ethel
27%
Herbert Hoover Herbert Jr.
26%
Calvin Coolidge Calvin Jr
25%
James Buchanan Harriet
25%
Ulysses Grant Ulysses Jr.
25%
Franklin Roosevelt Elliott
24%
Theodore Roosevelt Kermit
24%
Dwight Eisenhower Doud
23%
Ulysses Grant Frederick
23%
John Adams John Quincy Adams
23%
Ronald Reagan Patti
23%
George Washington | James Madison None
21%
William Henry Harrison William Jr.
21%
Jimmy Carter Donnel
20%
William McKinley Ida
20%
William McKinley Katherine
20%
John Tyler Letitia
20%
George H. W. Bush Pauline
20%
Ulysses Grant Jesse
19%
Theodore Roosevelt Archibald
18%
Woodrow Wilson Jessie
18%
John Tyler Lyon
18%
Theodore Roosevelt Quentin
18%
John Quincy Adams Carolina
17%
Grover Cleveland Esther
17%
Harry S. Truman Mary Margaret
17%
James Garfield Abram
16%
Thomas Jefferson Madison
16%
Benjamin Harrison Russell
16%
Herbert Hoover Allan
15%
John Tyler Lachlan
15%
Jimmy Carter James II
14%
Grover Cleveland Oscar
14%
John Adams Susanna
14%
Theodore Roosevelt Theodore III
14%
Chester Arthur Chester II
13%
John Quincy Adams George Washington
13%
Franklin Roosevelt Franklin Jr. I
12%
Franklin Roosevelt Franklin Jr. II
12%
Andrew Jackson Lyncoya
12%
Grover Cleveland Marion
11%
James Polk | Warren G. Harding Marshall
11%
Millard Fillmore Mary Abigail
11%
John Tyler Tazewell
11%
Thomas Jefferson Eston
10%
Zachary Taylor Mary Elizabeth
10%
Zachary Taylor Octavia
10%
John Tyler Pearl
10%
Rutherford Hayes Sardis
10%
Martin Van Buren Smith
10%
William Henry Harrison Carter
9%
James Garfield Irvin
9%
Jimmy Carter John William
8%
Rutherford Hayes Rutherford Platt
8%
Martin Van Buren Winfield
8%
Franklin Pierce Franklin Robert
7%
Rutherford Hayes Manning
7%
William Taft Charles II
6%
No matching quizzes found
Score Distribution
Percent of People with Each Score
Percentile by Number Answered
Your Score History
You have not taken this quiz